[Event "AUTO-ELITE-1753"]
[Site "http://www.queenalice.com/game.php?id=1475547"]
[Date "2017.4.27"]
[Round "2"]
[White "pedrolopez"]
[Black "WeirdGoblin"]
[Result "0-1"]
[WhiteElo "2516"]
[BlackElo "2325"]

1. d4 Nf6 2. Bg5 Ne4 3. h4 h6 4. Bf4 d5 5. Nd2 Bf5 6. e3 Nd7 7. Nxe4 Bxe4 8. Ne2
e6 9. Qd2 Be7 10. h5 a6 11. c4 c6 0-1

[Event "AUTO-OPEN-3702"]
[Site "http://www.queenalice.com/game.php?id=1477654"]
[Date "2017.5.11"]
[Round "3"]
[White "pedrolopez"]
[Black "arcibaldo"]
[Result "0-1"]
[WhiteElo "2492"]
[BlackElo "2312"]

1. e4 c5 2. Nf3 d6 3. d4 Nf6 4. Nc3 cxd4 5. Nxd4 Nc6 6. Bg5 a6 7. Qd2 h6 8. Bxf6
gxf6 9. O-O-O Rg8 10. f4 Nxd4 0-1

[Event "AUTO-OPEN-3702"]
[Site "http://www.queenalice.com/game.php?id=1477655"]
[Date "2017.5.11"]
[Round "3"]
[White "arcibaldo"]
[Black "pedrolopez"]
[Result "1-0"]
[WhiteElo "2294"]
[BlackElo "2504"]

1. e4 d5 2. exd5 Nf6 3. d4 Bg4 4. f3 Bf5 5. Bb5+ Nbd7 6. c4 e6 7. dxe6 Bxe6 8.
d5 Bf5 9. Nc3 Bc5 10. Qe2+ Qe7 11. Qxe7+ Kxe7 12. Bf4 1-0

[Event "AUTO-OPEN-3703"]
[Site "http://www.queenalice.com/game.php?id=1514522"]
[Date "2018.2.3"]
[Round "3"]
[White "pedrolopez"]
[Black "ratorei"]
[Result "0-1"]
[WhiteElo "2348"]
[BlackElo "2172"]

1. b3 d5 2. Bb2 c5 3. f4 Nf6 4. Nf3 e6 5. e3 Be7 6. Ne5 a6 7. d3 O-O 8. Nd2 Nc6
9. Ndf3 Nxe5 10. Nxe5 Qc7 11. Be2 b5 12. O-O Bb7 13. Rf3 c4 14. Rh3 c3 15. Bc1
a5 16. a3 b4 17. a4 Bd6 18. Ng4 Nxg4 19. Bxg4 f5 20. Bf3 e5 21. fxe5 Bxe5 22. e4
fxe4 23. dxe4 dxe4 0-1

[Event "AUTO-OPEN-3703"]
[Site "http://www.queenalice.com/game.php?id=1514523"]
[Date "2018.2.3"]
[Round "3"]
[White "ratorei"]
[Black "pedrolopez"]
[Result "1/2-1/2"]
[WhiteElo "2222"]
[BlackElo "2344"]

1. e4 c5 2. Nf3 d6 3. d4 cxd4 4. Nxd4 Nf6 5. Nc3 g6 6. Be2 Bg7 7. Be3 Nc6 8. Qd2
O-O 9. O-O d5 10. Nxc6 bxc6 11. exd5 Nxd5 12. Nxd5 cxd5 13. c3 Qa5 14. Bh6 Bxh6
15. Qxh6 Rb8 16. b4 Qc7 17. Rfc1 e5 18. a4 Bf5 19. b5 Qa5 20. Qe3 Rfe8 21. h3
Rbd8 22. g4 d4 23. Qg3 Be4 24. cxd4 exd4 25. Bf3 d3 26. Bxe4 Rxe4 27. Rd1 d2 28.
Qf3 Rde8 29. Kg2 Rxa4 30. Rxa4 Qxa4 31. Rxd2 Qxb5 32. Ra2 a5 33. Rc2 Qe5 34. Ra2
1/2-1/2

[Event "AUTO-ELITE-1934"]
[Site "http://www.queenalice.com/game.php?id=1514743"]
[Date "2018.2.5"]
[Round "1"]
[White "pedrolopez"]
[Black "fred57"]
[Result "0-1"]
[WhiteElo "2331"]
[BlackElo "2784"]

1. d4 Nf6 2. Bg5 d5 3. Bxf6 exf6 4. e3 Bd6 5. c4 dxc4 6. Bxc4 O-O 7. Qc2 Qe7 8.
Nc3 c6 9. Nf3 Nd7 10. O-O-O Nb6 11. Bd3 g6 12. h4 h5 0-1

[Event "AUTO-ELITE-1934"]
[Site "http://www.queenalice.com/game.php?id=1514745"]
[Date "2018.2.5"]
[Round "1"]
[White "pedrolopez"]
[Black "bobjgirl"]
[Result "1-0"]
[WhiteElo "2337"]
[BlackElo "2164"]

1. e4 d6 2. d4 Nf6 3. Nc3 e5 4. Nge2 Nbd7 5. g3 Be7 6. Bg2 O-O 7. O-O c6 8. h3
Qc7 9. Be3 b6 10. f4 Ba6 11. Rf2 Rfe8 12. g4 exd4 13. Nxd4 Rad8 14. g5 Nxe4 15.
Bxe4 d5 16. Bd3 Bxd3 17. Qxd3 Nc5 18. Qd2 b5 19. a3 a5 20. b4 Nb7 21. Nce2 Bf8
22. c3 1-0

[Event "AUTO-ELITE-1934"]
[Site "http://www.queenalice.com/game.php?id=1514746"]
[Date "2018.2.5"]
[Round "1"]
[White "bobjgirl"]
[Black "pedrolopez"]
[Result "0-1"]
[WhiteElo "2171"]
[BlackElo "2330"]

1. d4 Nf6 2. Nf3 e6 3. c4 c5 4. d5 b5 5. dxe6 fxe6 6. cxb5 d5 7. Bg5 h6 8. Bh4
a6 9. e3 Bd6 10. Nc3 Nbd7 11. bxa6 Bxa6 12. Bd3 O-O 13. O-O Qb6 14. b3 Qb4 15.
Ne2 e5 16. Bxa6 Rxa6 17. Ng3 Qg4 18. h3 Qe6 19. Bxf6 Nxf6 20. Nd2 e4 21. Ne2 Qe5
22. Ng3 h5 0-1

[Event "AUTO-ELITE-2071"]
[Site "http://www.queenalice.com/game.php?id=1554919"]
[Date "2019.1.1"]
[Round "1"]
[White "Bernhardur"]
[Black "pedrolopez"]
[Result "0-1"]
[WhiteElo "2070"]
[BlackElo "2336"]

1. Nf3 d5 2. d4 Nf6 3. Bg5 Ne4 4. e3 Nxg5 5. Nxg5 e5 6. Nxf7 Kxf7 7. Qh5+ g6 8.
Qxe5 Nc6 9. Qf4+ Kg7 10. Bb5 Bd6 11. Qf3 Rf8 12. Qe2 Ne7 13. O-O Nf5 14. Bd3 Qh4
15. g3 Qh3 16. Nd2 Bd7 17. c3 Rae8 18. Bxf5 Rxf5 0-1

[Event "AUTO-ELITE-2071"]
[Site "http://www.queenalice.com/game.php?id=1554920"]
[Date "2019.1.1"]
[Round "1"]
[White "pedrolopez"]
[Black "Bernhardur"]
[Result "1-0"]
[WhiteElo "2327"]
[BlackElo "2236"]

1. d4 f5 2. Bg5 h6 3. Bh4 g5 4. e3 Nf6 5. Bg3 d6 6. h4 g4 7. h5 Be6 8. Ne2 Bg7
9. Nbc3 Nbd7 10. Qd3 b6 11. O-O-O c5 12. d5 Bf7 13. Qxf5 Qc7 14. Nf4 a6 15. Ng6
Bxg6 16. Qxg6+ 1-0

[Event "AUTO-ELITE-2071"]
[Site "http://www.queenalice.com/game.php?id=1554925"]
[Date "2019.1.1"]
[Round "1"]
[White "pedrolopez"]
[Black "Paulzinho"]
[Result "0-1"]
[WhiteElo "2333"]
[BlackElo "2321"]

1. d4 f5 2. Bg5 g6 3. Nc3 Bg7 4. h4 h6 5. Bf4 Nf6 6. Qd3 d6 7. O-O-O Nc6 8. Nf3
O-O 9. e4 fxe4 10. Nxe4 a5 11. Nxf6+ Rxf6 12. Qd2 Qf8 13. Bc4+ Kh8 14. Bg5 Rxf3
15. gxf3 Nxd4 16. Bd5 c6 17. Be3 cxd5 18. Bxd4 e5 19. Bb6 d4 20. Kb1 Qxf3 21.
Bxa5 Qd5 0-1

[Event "AUTO-ELITE-2071"]
[Site "http://www.queenalice.com/game.php?id=1554926"]
[Date "2019.1.1"]
[Round "1"]
[White "Paulzinho"]
[Black "pedrolopez"]
[Result "1-0"]
[WhiteElo "2350"]
[BlackElo "2312"]

1. e4 e5 2. f4 exf4 3. Nf3 d6 4. d4 g5 5. g3 g4 6. Nh4 f3 7. Nc3 Nc6 8. Be3 Be7
9. Qd2 h6 10. O-O-O Bg5 11. Kb1 Bxe3 12. Qxe3 Qg5 13. Qf2 h5 14. e5 dxe5 15. Bb5
Bd7 16. Ne4 Qh6 17. d5 Nd4 18. Bxd7+ 1-0

[Event "AUTO-ELITE-2072"]
[Site "http://www.queenalice.com/game.php?id=1555463"]
[Date "2019.1.5"]
[Round "1"]
[White "trompmaster"]
[Black "pedrolopez"]
[Result "1-0"]
[WhiteElo "2438"]
[BlackElo "2301"]

1. d4 Nf6 2. c4 g6 3. g3 Bg7 4. Bg2 O-O 5. Nc3 d6 6. Nf3 Nc6 7. O-O Bg4 8. h3
Bxf3 9. Bxf3 Nd7 10. e3 e5 11. d5 Ne7 12. e4 f5 13. h4 Nf6 14. Bg5 Qd7 15. h5
gxh5 16. Bxh5 Nxh5 17. Qxh5 f4 18. Rad1 Ng6 19. Rd3 Bf6 20. Bh6 Bg7 21. Bxg7 1-0

[Event "AUTO-ELITE-2072"]
[Site "http://www.queenalice.com/game.php?id=1555464"]
[Date "2019.1.5"]
[Round "1"]
[White "pedrolopez"]
[Black "trompmaster"]
[Result "0-1"]
[WhiteElo "2340"]
[BlackElo "2490"]

1. d4 Nf6 2. Bg5 Ne4 3. Bf4 d6 4. Nd2 Bf5 5. Nxe4 Bxe4 6. f3 Bg6 7. h4 h6 8. h5
Bh7 9. e4 Nd7 10. Qd2 c5 11. d5 Qb6 12. c3 e5 13. Be3 Be7 14. Ne2 Qd8 15. g4
Bh4+ 16. Bf2 Bxf2+ 17. Kxf2 c4 18. Nc1 b5 19. b3 Nf6 20. Kg1 Qc7 21. g5 hxg5 22.
Qxg5 Qc5+ 23. Kg2 Nxe4 0-1

[Event "AUTO-ELITE-2072"]
[Site "http://www.queenalice.com/game.php?id=1555469"]
[Date "2019.1.5"]
[Round "1"]
[White "JOSETEZOMBIE"]
[Black "pedrolopez"]
[Result "1-0"]
[WhiteElo "2310"]
[BlackElo "2340"]

1. d4 Nf6 2. Nf3 e6 3. e3 c5 4. c4 d5 5. Nc3 Nc6 6. h3 a6 7. a3 dxc4 8. Bxc4 b5
9. Bd3 Bb7 10. O-O Rc8 11. Ne4 cxd4 12. exd4 Be7 13. Nc5 Qb6 14. Be3 Nd5 15. Rc1
O-O 16. Nd7 1-0

[Event "AUTO-ELITE-2072"]
[Site "http://www.queenalice.com/game.php?id=1555470"]
[Date "2019.1.5"]
[Round "1"]
[White "pedrolopez"]
[Black "JOSETEZOMBIE"]
[Result "1/2-1/2"]
[WhiteElo "2340"]
[BlackElo "2346"]

1. d4 Nf6 2. Bg5 d5 3. Bxf6 gxf6 4. e3 e5 5. Nf3 Be6 6. dxe5 fxe5 7. Nxe5 c6 8.
c3 Nd7 9. Nxd7 Qxd7 10. Nd2 O-O-O 11. Nf3 c5 12. Qc2 Kb8 13. Rd1 Bd6 14. g3 h5
15. Bg2 Be7 16. h4 Bf5 17. Qd2 Be4 18. Kf1 Qf5 19. Ne1 Rhg8 20. Kg1 Qg4 21. Kf1
Qf5 22. Kg1 Qg4 23. Kf1 Qf5 1/2-1/2